| 000 | 00645nam a22001937a 4500 | ||
|---|---|---|---|
| 999 |
_c169721 _d169721 |
||
| 005 | 20191202112638.0 | ||
| 010 | _aENG-127031 | ||
| 020 |
_c500.00 _a9788192230788 |
||
| 035 | _aEN-110563 | ||
| 037 | _bDBAD/PUB | ||
| 082 | _a370.1 | ||
| 245 |
_aThe teacher / _ced.by Jayaprabha Asore [and] Smita Swami |
||
| 260 |
_aMumbai _bKetaki Prakashan _c2014 |
||
| 270 |
_aAjay Deep House, 22-Second Floor, 240- Perin Nariman Street, Fort _bMumbai _e400001 _minfo@ketakiprakashan.com _k022-22665891, 9820338284 |
||
| 300 |
_a245p. _c24cm(pbk) |
||
| 700 | _aJayaprabha Asore | ||
| 700 | _aSmita Board | ||
| 942 |
_2ddc _cEN _h370.1 _mTHE |
||